Statistics for WW2 Dates Part#2

Click here to take the quiz!

General Stats

  • This quiz has been taken 89 times
  • The average score is 14 of 15

Answer Stats

Eventyear% Correct
D-Day1944
97%
Hitler commits suicide1945
97%
War breaks out in the Pacific1941
96%
Paris liberated1944
96%
Hiroshima1945
96%
Allies invade Sicily1943
94%
Blitzkrieg1940
92%
Italy and Germany attack Yugoslavia1941
92%
Battle of Midway1942
92%
Allies cross the Rhine1945
91%
Spanish Civil war starts1936
90%
‘Phoney War’1939
87%
Spanish Civil war ends1939
87%
Treaty of Munich1938
85%
Tripartite Pact1940
85%

Score Distribution

Percentile by Number Answered

Percent of People with Each Score

Your Score History

You have not taken this quiz